000 01216nam2a22002531 4500
001 RU\NLR\INFOCOMM6\1000360444
005 20250616232425.0
035 _a(NLR Aleph) 002276386
090 _a4000559
_c4000559
100 _a20031117d1934 |||y0rusy50 ca
101 0 _afre
102 _aRU
105 _ay |||||||||
200 1 _aLa station aurigna cienne de Gagarino et les données nouvelles qu'elle fournit sur les rites magiques des chasseurs quaternaires
_fZamjatnin S.
210 _d1934
_aБ. м.
461 0 _1001RU\NLR\INFOCOMM6\1000360360
_12001#$aИзвестия Государственной академии истории материальной культуры имени Н.Я.Марра$vFasc.88
_93999846
_aАкадемия истории материальной культуры (Ленинград)
_cМ.
_d1921-1936
_nСоцэкгиз
_tИзвестия Государственной академии истории материальной культуры имени Н.Я.Марра
_vFasc.88
700 1 _aZamjatnin
_bS.
_4070
801 1 _aRU
_bInfoComm
_c20031117
801 0 _aRU
_bNLR
_gPSBO
852 _aNLR
_j31-19/372
942 _cISSUE
980 _aNB
980 _aRUSPER